000 00633nam a22002177a 4500
003 UA-OsUOA
001 38477
007 ta
008 20071221b un ||||| |||| 00| 0 ukr d
090 _a94(477).09
_bУ45
942 _cBK
040 _aUA-OsUOA
_bukr
_cUA-OsUOA
_dUA-OsUOA
245 _aУкраїнська РСР у Великій Вітчизняній війні Радянського Союзу 1941-1945 рр.
_bТ.1
300 _a548 с.
955 _a1
041 _aukr
080 _a94(477).09
260 _aКиїв
_c1967
650 7 _a9 Географія. Біографії. Історія
_2UDC
999 _c436987
_d436987